Curriculum development/ (Record no. 1942)

MARC details
000 -LEADER
fixed length control field 00444nam a22001817a 4500
003 - CONTROL NUMBER IDENTIFIER
control field 0
005 - DATE AND TIME OF LATEST TRANSACTION
control field 20220114141923.0
008 - FIXED-LENGTH DATA ELEMENTS--GENERAL INFORMATION
fixed length control field 0
020 ## - INTERNATIONAL STANDARD BOOK NUMBER
International Standard Book Number 971-685-782-5
040 ## - CATALOGING SOURCE
Transcribing agency 0
050 ## - LIBRARY OF CONGRESS CALL NUMBER
Classification number LB1570
Item number .B5952 2014
100 ## - MAIN ENTRY--PERSONAL NAME
Personal name Bilbao, Purita
245 ## - TITLE STATEMENT
Title Curriculum development/
264 ## - PRODUCTION, PUBLICATION, DISTRIBUTION, MANUFACTURE, AND COPYRIGHT NOTICE
Place of production, publication, distribution, manufacture Metro Manila:
Name of producer, publisher, distributor, manufacturer Loremar Comp. Publishing Incorporation;
Date of production, publication, distribution, manufacture, or copyright notice 2014.,
300 ## - PHYSICAL DESCRIPTION
Extent vi 181 pages
Dimensions 26 cm.
650 ## - SUBJECT ADDED ENTRY--TOPICAL TERM
Topical term or geographic name entry element Curriculum development
942 ## - ADDED ENTRY ELEMENTS (KOHA)
Source of classification or shelving scheme Library of Congress Classification
Koha item type Filipiniana
Holdings
Withdrawn status Source of classification or shelving scheme Damaged status Not for loan Home library Current library Shelving location Date acquired Total Checkouts Full call number Barcode Date last seen Price effective from Koha item type
  Library of Congress Classification     Cainta College Library Cainta College Library On Display 07/24/2016   LB1570.B5952 2014 URSCAI-3803 07/24/2016 07/24/2016 Filipiniana

University of Rizal System
Email us at univlibservices@urs.edu.ph

Visit our Website www.urs.edu.ph/library